000 00708nam a2200193Ia 4500
003 GCL
008 140319s9999 xx 000 0 ara d
040 _aGCL /
_cGCL
082 0 4 _a913.3
_bج د
100 1 _aابن جبير : ابوالحسين محمد بن احمد بن جبير بن محمد الكنانى الاندلسى
245 1 0 _aرحلة بن جبير /
_cابن جبير : ابوالحسين محمد بن احمد بن جبير بن محمد الكنانى الاندلسى
260 _aالقاهرة :
_bدار الكتب المصرية
300 _a326 ص
490 _a
650 0 4 _aمصر
650 0 4 _aتاريخ
650 0 4 _aالدولة الايوبية
942 _2ddc
_cBK
999 _c28306
_d28306